[Event "IX Weekend A"]
[Site "Vignola ITA"]
[Date "2010.11.13"]
[Round "2"]
[White "Vandelli, Mattia"]
[Black "Del Gaiso, Massimo"]
[Result "1/2-1/2"]
[WhiteElo "1560"]
[BlackElo "1777"]
[PlyCount "74"]
[EventDate "2010.11.12"]

1. e4 d5 2. exd5 c6 3. dxc6 Nxc6 4. Bb5 Qc7 5. Nc3 Nf6 6. Nf3 Bg4 7. h3 Bh5 8.
O-O a6 9. Be2 e6 10. d3 Be7 11. Be3 Rd8 12. Nd2 Bg6 13. Nc4 Rd7 14. Bf3 Nd4 15.
Bxd4 Rxd4 16. Qe2 Nd7 17. Qe3 Bc5 18. Qd2 b5 19. Ne2 bxc4 20. Nxd4 Bxd4 21.
dxc4 Qxc4 22. Rfd1 Ne5 23. Qxd4 Qc7 24. Qd6 Qxd6 25. Rxd6 Ke7 26. Rd2 Nc4 27.
Rd4 Rc8 28. Bb7 Rc7 29. Bxa6 Nxb2 30. Rb1 Rxc2 31. Rb4 Nd3 32. Bxd3 Bxd3 33.
R4b2 Rc5 34. Rd1 Be4 35. f3 Bd5 36. Re2 Ra5 37. a3 Kd6 1/2-1/2

[Event "IX Weekend A"]
[Site "Vignola ITA"]
[Date "2010.11.13"]
[Round "2"]
[White "Venturelli, Giuseppe"]
[Black "Mancini, Anna"]
[Result "1-0"]
[WhiteElo "1677"]
[BlackElo "1395"]
[PlyCount "53"]
[EventDate "2010.11.12"]

1. d4 d5 2. c4 c6 3. Nc3 Nf6 4. Nf3 e6 5. Bf4 Bb4 6. Qb3 Bxc3+ 7. Qxc3 Ne4 8.
Qc2 O-O 9. e3 Qa5+ 10. Nd2 Nxd2 11. Qxd2 Qxd2+ 12. Kxd2 a6 13. h4 dxc4 14. Bxc4
h6 15. g4 b5 16. Bd3 f5 17. g5 h5 18. g6 Nd7 19. Bg5 Bb7 20. Rhg1 e5 21. Be2
Nf6 22. dxe5 Ne4+ 23. Ke1 Nxg5 24. Rxg5 f4 25. Bd1 Bc8 26. Bb3+ Kh8 27. Rxh5#
1-0

[Event "IX Weekend A"]
[Site "Vignola ITA"]
[Date "2010.11.13"]
[Round "2"]
[White "Vincenzi, Marco"]
[Black "Acciaioli, Fabio"]
[Result "1-0"]
[WhiteElo "2097"]
[BlackElo "1858"]
[PlyCount "87"]
[EventDate "2010.11.12"]

1. e4 g6 2. d4 d6 3. Nc3 a6 4. g3 b5 5. Bg2 Bb7 6. Nge2 Nf6 7. O-O Nbd7 8. f4
b4 9. e5 Bxg2 10. Kxg2 bxc3 11. exf6 cxb2 12. Bxb2 Nxf6 13. d5 c5 14. Bxf6 exf6
15. f5 Bh6 16. Qd3 O-O 17. Rf3 Qe7 18. Raf1 Rfe8 19. Nc3 Bg7 20. g4 Qe5 21. Rf4
Qe3 22. R1f3 Qxd3 23. Rxd3 Bh6 24. Ra4 Re3 25. Rxe3 Bxe3 26. Ne4 Bf4 27. Nxf6+
Kg7 28. Rxf4 Kxf6 29. fxg6+ Kxg6 30. Ra4 f5 31. Kf3 fxg4+ 32. Rxg4+ Kf6 33. Re4
Rd8 34. Kf4 Rd7 35. Re6+ Kg7 36. h4 h6 37. h5 Rf7+ 38. Ke4 Rf6 39. Re7+ Rf7 40.
Rxf7+ Kxf7 41. Kf5 c4 42. c3 a5 43. a4 Ke8 44. Ke6 1-0

[Event "IX Weekend A"]
[Site "Vignola ITA"]
[Date "2010.11.13"]
[Round "2"]
[White "Zuccaro, Guido"]
[Black "Pomante, Sergio"]
[Result "1-0"]
[WhiteElo "1720"]
[BlackElo "1639"]
[PlyCount "71"]
[EventDate "2010.11.12"]

1. c4 c5 2. Nc3 Nc6 3. g3 g6 4. Bg2 Bg7 5. d3 Nf6 6. e4 d6 7. Nge2 O-O 8. O-O
Rb8 9. h3 Nd7 10. Be3 Nd4 11. f4 e6 12. Rb1 b5 13. Nxb5 Nxb5 14. cxb5 Rxb5 15.
d4 Qb6 16. Qd2 Rb4 17. e5 d5 18. dxc5 Nxc5 19. Rfc1 Rc4 20. b4 Rxc1+ 21. Rxc1
Ne4 22. Bxe4 Qb5 23. Bd3 Qd7 24. Nd4 f6 25. exf6 Bxf6 26. Bf1 e5 27. fxe5 Bxe5
28. Bf4 Bg7 29. Bg2 a6 30. Nf3 Qa7+ 31. Kh2 Bb7 32. Rc7 Qa8 33. Ng5 Kh8 34. Ne6
Rg8 35. Nxg7 Rxg7 36. Be5 1-0

[Event "IX Weekend A"]
[Site "Vignola ITA"]
[Date "2010.11.13"]
[Round "3"]
[White "Acciaioli, Fabio"]
[Black "Venturelli, Giuseppe"]
[Result "1-0"]
[WhiteElo "1858"]
[BlackElo "1677"]
[PlyCount "67"]
[EventDate "2010.11.12"]

1. g3 d5 2. Bg2 Nf6 3. Nf3 g6 4. O-O Bg7 5. d3 O-O 6. Nbd2 b6 7. c4 dxc4 8. Ne5
Nd5 9. dxc4 Bxe5 10. cxd5 Bb7 11. Nc4 Bg7 12. e4 Nd7 13. Qc2 Ba6 14. Re1 Ne5
15. Nxe5 Bxe5 16. Bh6 Bg7 17. Bxg7 Kxg7 18. Rac1 Rc8 19. Bh3 Rb8 20. Qxc7 Qxc7
21. Rxc7 Rb7 22. Rec1 Rfb8 23. Rxb7 Bxb7 24. Rc7 Kf8 25. Bd7 a6 26. Kf1 h6 27.
Ke2 f5 28. Bc6 Bc8 29. e5 a5 30. Ra7 g5 31. f4 gxf4 32. gxf4 Kf7 33. d6 b5 34.
dxe7 1-0

[Event "IX Weekend A"]
[Site "Vignola ITA"]
[Date "2010.11.14"]
[Round "3"]
[White "Buriani, Andrea"]
[Black "Sfera, Mattia"]
[Result "1-0"]
[WhiteElo "2169"]
[BlackElo "1990"]
[PlyCount "87"]
[EventDate "2010.11.12"]

1. d4 Nf6 2. Nf3 g6 3. Nbd2 Bg7 4. e4 d6 5. Bd3 O-O 6. O-O Nbd7 7. c3 e5 8.
dxe5 Nxe5 9. Nxe5 dxe5 10. Nc4 Qe7 11. Bg5 c6 12. a4 Qc7 13. f4 Be6 14. Nxe5
Qb6+ 15. Rf2 Nxe4 16. Bxe4 f6 17. Qd6 Rfe8 18. Nxg6 hxg6 19. Bxg6 fxg5 20. Bxe8
Rxe8 21. fxg5 Bc4 22. a5 Qe3 23. Qf4 Qc5 24. g6 Rf8 25. Qh4 Bh6 26. b4 Qxf2+
27. Qxf2 Rxf2 28. Kxf2 Kg7 29. Rd1 Bd5 30. c4 Bxc4 31. Rd7+ Kxg6 32. Rxb7 a6
33. Rd7 Bf8 34. Rd4 Bb5 35. Kf3 c5 36. Rg4+ Kh5 37. Rf4 Bd6 38. Rf6 Be7 39. Re6
cxb4 40. g4+ Kh4 41. Rxe7 b3 42. Re1 Bd3 43. Ke3 Bg6 44. Re2 1-0

[Event "IX Weekend A"]
[Site "Vignola ITA"]
[Date "2010.11.13"]
[Round "3"]
[White "Carbone, Jacopo"]
[Black "Magnavacchi, Andrea"]
[Result "0-1"]
[WhiteElo "1392"]
[BlackElo "1813"]
[PlyCount "76"]
[EventDate "2010.11.12"]

1. e4 e5 2. Nf3 Nc6 3. Bc4 Bc5 4. d3 Nf6 5. c3 d5 6. exd5 Nxd5 7. Bxd5 Qxd5 8.
O-O Bg4 9. Nbd2 Qxd3 10. h3 Bxf3 11. Nxf3 Qxd1 12. Rxd1 O-O 13. Rd7 Bd6 14. b4
Nb8 15. Rxd6 cxd6 16. b5 Rc8 17. Ba3 e4 18. Ng5 d5 19. Rd1 h6 20. Nxf7 Kxf7 21.
Rxd5 Rxc3 22. Bd6 Ke6 23. Rd2 Rd3 24. Rxd3 exd3 25. Bf4 a6 26. b6 Nc6 27. Kf1
g5 28. Bd2 Kf5 29. Ke1 Re8+ 30. Kd1 Re2 31. h4 Rxf2 32. hxg5 hxg5 33. g3 Nd4
34. Ke1 Re2+ 35. Kd1 Rg2 36. Be3 Nf3 37. Bd2 Rg1+ 38. Be1 Rxe1# 0-1

[Event "IX Weekend A"]
[Site "Vignola ITA"]
[Date "2010.11.13"]
[Round "3"]
[White "Carletti, Davide M."]
[Black "Rubbiani, Samuel"]
[Result "1-0"]
[WhiteElo "1685"]
[BlackElo "1485"]
[PlyCount "59"]
[EventDate "2010.11.12"]

1. e4 c5 2. Nf3 d6 3. d4 cxd4 4. Nxd4 Nf6 5. Nc3 a6 6. f3 e6 7. Be3 b5 8. Qd2
Bb7 9. O-O-O Nbd7 10. g4 h6 11. g5 b4 12. gxf6 bxc3 13. Qxc3 Rc8 14. fxg7 Bxg7
15. Qd2 Qf6 16. c3 Qd8 17. Rg1 Kf8 18. Bh3 Qf6 19. Rg3 Ne5 20. b3 d5 21. Rgg1
Ng6 22. Bxe6 dxe4 23. Bxc8 Bxc8 24. fxe4 Ke7 25. Nf5+ Bxf5 26. Bc5+ Ke8 27. Bd4
Qe7 28. exf5 Bxd4 29. Qxd4 f6 30. fxg6 1-0

[Event "IX Weekend A"]
[Site "Vignola ITA"]
[Date "2010.11.13"]
[Round "3"]
[White "Castelli, Antonio"]
[Black "Santamato, Luigi"]
[Result "1-0"]
[WhiteElo "1703"]
[BlackElo "1606"]
[PlyCount "41"]
[EventDate "2010.11.12"]

1. e4 c6 2. d4 d5 3. exd5 cxd5 4. Nf3 Nf6 5. c4 Bg4 6. Nc3 Nc6 7. Qa4 Bxf3 8.
gxf3 dxc4 9. Be3 e6 10. O-O-O Be7 11. Bxc4 O-O 12. Rhg1 a6 13. d5 exd5 14. Bxd5
Qc7 15. Bh6 Qxh2 16. Bxg7 Rfc8 17. Bxf6+ Kf8 18. Bxe7+ Kxe7 19. Qe4+ Kf8 20.
Bxc6 Rxc6 21. Qb4+ 1-0

[Event "IX Weekend A"]
[Site "Vignola ITA"]
[Date "2010.11.13"]
[Round "3"]
[White "Del Gaiso, Massimo"]
[Black "Venturelli, Ester"]
[Result "0-1"]
[WhiteElo "1777"]
[BlackElo "1559"]
[PlyCount "86"]
[EventDate "2010.11.12"]

1. e4 e5 2. d4 exd4 3. f4 Nc6 4. Nf3 Bc5 5. a3 d6 6. Bd3 Bd7 7. O-O Qe7 8. b4
Bb6 9. Qe1 Nf6 10. h3 O-O 11. g4 Rfe8 12. Nbd2 h6 13. Qh4 Nh7 14. g5 Nf8 15.
Rf2 Ng6 16. Qg3 hxg5 17. Nxg5 Nd8 18. f5 Qe5 19. Qg4 d5 20. Ndf3 Qd6 21. Qh5
Nf8 22. e5 Qh6 23. Qg4 Ng6 24. Nxf7 Qh7 25. e6 Bxe6 26. Qxg6 Qxg6+ 27. fxg6
Nxf7 28. gxf7+ Bxf7 29. Rg2 Bh5 30. Rg3 c6 31. Nh2 Bc7 32. Rg5 Be2 33. Bg6 Re7
34. Bh5 Rf8 35. Bxe2 Rxe2 36. Bb2 Bxh2+ 37. Kh1 Bf4 38. Rg2 Rxg2 39. Kxg2 Be3
40. Rd1 Rf2+ 41. Kg3 Rxc2 42. Bxd4 Bxd4 43. Rxd4 Rc3+ 0-1

[Event "IX Weekend A"]
[Site "Vignola ITA"]
[Date "2010.11.13"]
[Round "3"]
[White "Di Trapani, Davide"]
[Black "Zuccaro, Guido"]
[Result "1-0"]
[WhiteElo "2000"]
[BlackElo "1720"]
[PlyCount "51"]
[EventDate "2010.11.12"]

1. e4 e6 2. d4 d5 3. Nc3 dxe4 4. Nxe4 Nf6 5. Bg5 Be7 6. Bxf6 Bxf6 7. Nf3 O-O 8.
c3 b6 9. Bd3 Bb7 10. Qc2 Nd7 11. O-O-O Rc8 12. h4 Qe7 13. g4 Bxe4 14. Bxe4 g6
15. g5 Bg7 16. h5 c5 17. d5 exd5 18. Bxd5 Ne5 19. hxg6 Nxg6 20. Qf5 Rfd8 21.
Qh3 Nf4 22. Qxh7+ Kf8 23. Qf5 Nxd5 24. Rxd5 Qb7 25. Rhd1 Rxd5 26. Rxd5 1-0

[Event "IX Weekend A"]
[Site "Vignola ITA"]
[Date "2010.11.13"]
[Round "3"]
[White "Di Trapani, Luigi"]
[Black "Garofalo, Sergio"]
[Result "0-1"]
[WhiteElo "1610"]
[BlackElo "1805"]
[PlyCount "98"]
[EventDate "2010.11.12"]

1. d4 Nf6 2. Nf3 g6 3. e3 c5 4. Be2 Bg7 5. O-O O-O 6. c3 cxd4 7. exd4 Qb6 8.
Nbd2 d5 9. Qb3 Nc6 10. Qxb6 axb6 11. b3 Rd8 12. Bb2 Nh5 13. Rfd1 Nf4 14. Bf1 e5
15. Nxe5 Nxe5 16. dxe5 Bxe5 17. h3 Be6 18. Nf3 Bf6 19. a4 d4 20. c4 Bf5 21.
Bxd4 Kg7 22. Rd2 Ne6 23. Bxf6+ Kxf6 24. Raa2 Be4 25. Nh2 h5 26. g3 Bb1 27. Rab2
Rxd2 28. Rxd2 Rd8 29. Rxd8 Nxd8 30. Nf3 Nc6 31. Nd2 Bc2 32. Bg2 Ke5 33. Bd5 f5
34. Kf1 Nd4 35. Bxb7 Nxb3 36. Nxb3 Bxb3 37. Ba6 Bxa4 38. Ke2 Kd4 39. Kf3 g5 40.
Ke2 Bd7 41. Kd2 Be6 42. f4 gxf4 43. gxf4 Ke4 44. Kc3 Kxf4 45. Kd4 Kg3 46. c5
bxc5+ 47. Kxc5 f4 48. Kd6 Bxh3 49. Ke5 Bg2 0-1

[Event "IX Weekend A"]
[Site "Vignola ITA"]
[Date "2010.11.13"]
[Round "3"]
[White "Dionigi, Riccardo"]
[Black "Ferraguti, Francesco"]
[Result "1/2-1/2"]
[WhiteElo "1809"]
[BlackElo "1790"]
[PlyCount "47"]
[EventDate "2010.11.12"]

1. d4 d5 2. c4 c6 3. Nc3 e6 4. e3 Nf6 5. Nf3 Nbd7 6. Bd3 Bd6 7. O-O O-O 8. Qc2
dxc4 9. Bxc4 Qc7 10. e4 e5 11. Be3 Ng4 12. h3 Nxe3 13. fxe3 Nb6 14. Bb3 Qe7 15.
Qf2 Nd7 16. Rad1 b6 17. Nh4 Nf6 18. Nf5 Bxf5 19. Qxf5 c5 20. Nd5 Nxd5 21. Bxd5
g6 22. Qf3 Rac8 23. dxe5 Bxe5 24. Rd2 1/2-1/2

[Event "IX Weekend A"]
[Site "Vignola ITA"]
[Date "2010.11.13"]
[Round "3"]
[White "Gabbriellini, Gianfranco"]
[Black "Ballista, Massimiliano"]
[Result "0-1"]
[WhiteElo "1431"]
[BlackElo "1613"]
[PlyCount "68"]
[EventDate "2010.11.12"]

1. d4 d5 2. Nf3 Nf6 3. Bf4 Nbd7 4. Nc3 e6 5. Nb5 Bb4+ 6. c3 Ba5 7. b4 Bb6 8.
Ne5 a6 9. Qa4 Nxe5 10. Bxe5 Bd7 11. e3 axb5 12. Qc2 O-O 13. Bd3 h6 14. O-O c6
15. Bxf6 Qxf6 16. f4 Qe7 17. Rf3 f5 18. Qf2 Rf6 19. Qh4 Qf7 20. Rh3 Rg6 21. Be2
Qf6 22. Bh5 Qxh4 23. Rxh4 Rf6 24. Bd1 Bc7 25. Rh3 b6 26. Rf3 Bd6 27. a4 bxa4
28. Rxa4 Rxa4 29. Bxa4 Rf7 30. Rf2 c5 31. Bd1 cxb4 32. Rb2 bxc3 33. Rxb6 Ba3
34. g4 fxg4 0-1

[Event "IX Weekend A"]
[Site "Vignola ITA"]
[Date "2010.11.13"]
[Round "3"]
[White "Malfagia, Andrea"]
[Black "Paoli, Walter"]
[Result "1-0"]
[WhiteElo "2269"]
[BlackElo "2043"]
[PlyCount "75"]
[EventDate "2010.11.12"]

1. d4 Nf6 2. c4 g6 3. Nc3 d5 4. cxd5 Nxd5 5. e4 Nxc3 6. bxc3 Bg7 7. Be3 c5 8.
Nf3 Nc6 9. Qd2 Qa5 10. Rb1 cxd4 11. cxd4 Qxd2+ 12. Kxd2 b6 13. Bb5 Bd7 14. Rhc1
Na5 15. Ba6 O-O 16. Rc7 Rfd8 17. Rbc1 Kf8 18. h3 h6 19. Ke2 f5 20. Ne5 Be8 21.
exf5 gxf5 22. f4 Bf7 23. Bd3 Bh5+ 24. Kd2 e6 25. g4 fxg4 26. hxg4 Be8 27. Be4
Rab8 28. Rxa7 Rbc8 29. Rac7 Rxc7 30. Rxc7 b5 31. Kc3 h5 32. g5 Bxe5 33. dxe5
Nc4 34. Bc5+ Kg8 35. Bh7+ Kh8 36. g6 Bd7 37. Be7 Rc8 38. Bf6# 1-0

[Event "IX Weekend A"]
[Site "Vignola ITA"]
[Date "2010.11.13"]
[Round "3"]
[White "Pinna, Ferdinando"]
[Black "Megli, Massimo"]
[Result "1-0"]
[WhiteElo "1887"]
[BlackElo "1684"]
[PlyCount "53"]
[EventDate "2010.11.12"]

1. e4 c5 2. Nf3 e6 3. d4 cxd4 4. Nxd4 a6 5. Bd3 Qa5+ 6. Nc3 Bb4 7. Bd2 Nf6 8.
a3 Be7 9. Nd5 Qc5 10. Nb3 Qd6 11. Bb4 exd5 12. Bxd6 Bxd6 13. exd5 O-O 14. O-O
b5 15. c4 bxc4 16. Bxc4 Be5 17. Qd2 Bb7 18. Nc5 Rc8 19. Nxb7 Rxc4 20. Rac1 Rxc1
21. Rxc1 g6 22. Qh6 Nc6 23. dxc6 dxc6 24. Rxc6 Re8 25. g3 Bxb2 26. Qd2 Ba1 27.
Qc1 1-0

[Event "IX Weekend A"]
[Site "Vignola ITA"]
[Date "2010.11.13"]
[Round "3"]
[White "Pomante, Sergio"]
[Black "Petrescu, Eduard"]
[Result "1-0"]
[WhiteElo "1639"]
[BlackElo "1572"]
[PlyCount "49"]
[EventDate "2010.11.12"]

1. e4 d6 2. d4 Nf6 3. Nc3 c6 4. f4 e6 5. Nf3 Be7 6. Be3 O-O 7. h3 Qa5 8. Bd3 b5
9. Bd2 Qc7 10. Qe2 a5 11. a3 Nbd7 12. g4 Ba6 13. b4 axb4 14. axb4 Bb7 15. Rb1
Nb6 16. g5 Nfd7 17. O-O Rfe8 18. h4 e5 19. f5 exd4 20. Nxd4 d5 21. Qg2 dxe4 22.
Bxe4 Bxb4 23. Rxb4 c5 24. Ndxb5 Bxe4 25. Rxe4 1-0

[Event "IX Weekend A"]
[Site "Vignola ITA"]
[Date "2010.11.13"]
[Round "3"]
[White "Ricchi, Luca"]
[Black "Gilevych, Artem"]
[Result "1/2-1/2"]
[WhiteElo "1991"]
[BlackElo "2231"]
[PlyCount "116"]
[EventDate "2010.11.12"]

1. d4 Nf6 2. c4 g6 3. Nc3 Bg7 4. e4 O-O 5. Nf3 d6 6. Be2 e5 7. Be3 Nc6 8. d5
Ne7 9. Nd2 c5 10. a3 Ne8 11. b4 b6 12. bxc5 bxc5 13. Rb1 f5 14. f3 Nf6 15. Bf2
Bh6 16. Rb3 Rf7 17. Qb1 Bxd2+ 18. Kxd2 fxe4 19. Nxe4 Nxe4+ 20. Qxe4 Bf5 21. Qe3
Nc8 22. g4 Bd7 23. Bd3 Qa5+ 24. Ke2 Ba4 25. Be1 Qd8 26. Rb1 Nb6 27. h4 Qf6 28.
h5 g5 29. h6 Raf8 30. Rh5 Kh8 31. Rxg5 Bd7 32. Bh4 Qxf3+ 33. Qxf3 Rxf3 34. Rg7
R3f7 35. Be7 Bxg4+ 36. Ke1 Rxg7 37. hxg7+ Kxg7 38. Bxf8+ Kxf8 39. Bxh7 Nxc4 40.
Rb8+ Ke7 41. Rb7+ Kd8 42. Rxa7 Bf3 43. Bg8 Nb6 44. Be6 Bxd5 45. Bxd5 Nxd5 46.
Kd2 Nc7 47. Kd3 Kd7 48. Rb7 Kc6 49. Rb1 d5 50. a4 c4+ 51. Ke3 Na6 52. a5 d4+
53. Ke4 Nc5+ 54. Kxe5 Nb3 55. a6 d3 56. a7 Kb7 57. Kd5 Kxa7 58. Kxc4 Nd2+
1/2-1/2

[Event "IX Weekend A"]
[Site "Vignola ITA"]
[Date "2010.11.13"]
[Round "3"]
[White "Rovatti, Guido"]
[Black "Setti, Roberto"]
[Result "0-1"]
[WhiteElo "1695"]
[BlackElo "1901"]
[PlyCount "59"]
[EventDate "2010.11.12"]

1. d4 e6 2. c4 f5 3. Bf4 Nf6 4. e3 Bb4+ 5. Nd2 O-O 6. a3 Bxd2+ 7. Qxd2 d6 8.
Nf3 Nbd7 9. b4 Ne4 10. Qc2 b6 11. h4 Ndf6 12. Ng5 h6 13. Nxe4 fxe4 14. Be2 Bb7
15. c5 Qe7 16. c6 Bc8 17. g4 e5 18. dxe5 dxe5 19. Bg3 Bxg4 20. Bxg4 Nxg4 21.
Qxe4 Qe6 22. O-O Rae8 23. Rac1 Kh8 24. Qc4 Qg6 25. Qc2 e4 26. Qe2 Rf3 27. Rc3
Ne5 28. Kh1 Qg4 29. Kh2 Rxg3 30. fxg3 0-1

[Event "IX Weekend A"]
[Site "Vignola ITA"]
[Date "2010.11.13"]
[Round "3"]
[White "Sacchetti, Andrea"]
[Black "Orlandi, Francesco"]
[Result "1-0"]
[WhiteElo "1742"]
[BlackElo "1392"]
[PlyCount "43"]
[EventDate "2010.11.12"]

1. d4 e6 2. c4 d5 3. Nc3 Nf6 4. Bg5 dxc4 5. e3 Be7 6. Bxc4 O-O 7. Nf3 Nc6 8. a3
a6 9. O-O b5 10. Bd3 Bb7 11. Qc2 g6 12. Rfd1 Nd5 13. Bxe7 Qxe7 14. Ne4 e5 15.
Nc5 Bc8 16. Be4 Rd8 17. dxe5 Be6 18. Nb7 Qd7 19. Nxd8 Rxd8 20. Rac1 Nce7 21.
Bxd5 Nxd5 22. e4 1-0

[Event "IX Weekend A"]
[Site "Vignola ITA"]
[Date "2010.11.13"]
[Round "3"]
[White "Salvioli, Alessandro"]
[Black "Vincenzi, Marco"]
[Result "1-0"]
[WhiteElo "1975"]
[BlackElo "2097"]
[PlyCount "83"]
[EventDate "2010.11.12"]

1. e4 e5 2. Nf3 Nc6 3. Bc4 Nf6 4. d3 Be7 5. c3 O-O 6. O-O d6 7. Re1 Na5 8. Bb5
a6 9. Ba4 b5 10. Bc2 c5 11. Nbd2 Qc7 12. Nf1 Be6 13. b3 Nc6 14. Bb2 Rfd8 15.
Qe2 a5 16. d4 exd4 17. cxd4 cxd4 18. Nxd4 Nxd4 19. Bxd4 a4 20. Rec1 Qb7 21. Ng3
axb3 22. axb3 g6 23. h3 Nd7 24. f4 Nc5 25. Qe3 Rxa1 26. Bxa1 f6 27. Bd4 Rc8 28.
Kh2 Kg7 29. Rf1 Na6 30. Bd1 Nb4 31. f5 Bf7 32. fxg6 hxg6 33. Qg5 Rc5 34. Nh5+
Kf8 35. Qh6+ Ke8 36. Qh8+ Kd7 37. Nxf6+ Bxf6 38. Qxf6 Be6 39. Bxc5 dxc5 40. Bf3
Qc7+ 41. e5 Bxb3 42. Bg4+ 1-0

[Event "IX Weekend A"]
[Site "Vignola ITA"]
[Date "2010.11.13"]
[Round "3"]
[White "Simonini, Mattia"]
[Black "Vandelli, Mattia"]
[Result "1-0"]
[WhiteElo "1778"]
[BlackElo "1560"]
[PlyCount "57"]
[EventDate "2010.11.12"]

1. d4 d5 2. c4 e6 3. cxd5 exd5 4. Nc3 Nf6 5. Bg5 Bb4 6. Qc2 Nc6 7. e3 h6 8.
Bxf6 Qxf6 9. Bd3 Qe7 10. a3 Bxc3+ 11. Qxc3 O-O 12. Ne2 Bg4 13. h3 Bxe2 14. Bxe2
Rfe8 15. O-O Qf6 16. Bf3 Rad8 17. b4 Qd6 18. Rac1 a6 19. Qc5 Qxc5 20. Rxc5 Re6
21. Bxd5 Red6 22. Bxc6 Rxc6 23. Rxc6 bxc6 24. Rc1 Rd6 25. Rc5 Kf8 26. Ra5 Ke7
27. Rxa6 c5 28. Rxd6 cxb4 29. Rc6 1-0

[Event "IX Weekend A"]
[Site "Vignola ITA"]
[Date "2010.11.13"]
[Round "3"]
[White "Tazzioli, Luca"]
[Black "De Biaggi, Paolo"]
[Result "0-1"]
[WhiteElo "1673"]
[BlackElo "1884"]
[PlyCount "78"]
[EventDate "2010.11.12"]

1. e4 e5 2. Nf3 Nf6 3. Nxe5 d6 4. Nf3 Nxe4 5. Nc3 Nxc3 6. dxc3 Be7 7. Be3 Be6
8. Qd2 Nc6 9. O-O-O Qd7 10. Bb5 a6 11. Ba4 b5 12. Bb3 Bxb3 13. cxb3 O-O 14. h4
Qf5 15. Bg5 f6 16. Be3 Ne5 17. Qd5+ Kh8 18. Nd4 Nd3+ 19. Rxd3 Qxd5 20. Rdd1 c5
21. Nxb5 Qxd1+ 22. Rxd1 axb5 23. Kb1 Rfd8 24. g4 d5 25. g5 Ra6 26. gxf6 Rxf6
27. Bg5 Re6 28. Bxe7 Rxe7 29. c4 bxc4 30. bxc4 d4 31. a3 Re2 32. b4 h6 33. f4
d3 34. b5 Re4 35. Kb2 Rxc4 36. b6 Rc2+ 37. Kb3 c4+ 38. Ka4 Rb2 39. b7 Rxb7 0-1

[Event "IX Weekend A"]
[Site "Vignola ITA"]
[Date "2010.11.14"]
[Round "4"]
[White "Ballista, Massimiliano"]
[Black "Carletti, Davide M."]
[Result "1/2-1/2"]
[WhiteElo "1613"]
[BlackElo "1685"]
[PlyCount "31"]
[EventDate "2010.11.12"]

1. e4 e5 2. Bc4 Nf6 3. d3 Bc5 4. Nf3 d6 5. c3 O-O 6. O-O Nbd7 7. Nbd2 c6 8. Re1
Qb6 9. Qe2 d5 10. exd5 cxd5 11. Bb3 Bd6 12. Bc2 Re8 13. Qd1 Nf8 14. h3 Ng6 15.
a3 Bd7 16. Nb3 1/2-1/2

[Event "IX Weekend A"]
[Site "Vignola ITA"]
[Date "2010.11.14"]
[Round "4"]
[White "Buriani, Andrea"]
[Black "Malfagia, Andrea"]
[Result "0-1"]
[WhiteElo "2169"]
[BlackElo "2269"]
[PlyCount "100"]
[EventDate "2010.11.12"]

1. d4 Nf6 2. Nf3 e6 3. e3 c5 4. Bd3 Nc6 5. O-O b6 6. b3 Bb7 7. Bb2 cxd4 8. exd4
Be7 9. Nbd2 Rc8 10. a3 O-O 11. Qe2 Qc7 12. g3 Nb8 13. c4 Rfe8 14. Ne5 d6 15.
Ng4 Nbd7 16. Rfe1 Qc6 17. Nxf6+ Nxf6 18. f3 Qd7 19. Rac1 d5 20. Red1 Red8 21.
Kg2 Qe8 22. Qe3 Qf8 23. a4 Ba3 24. Bxa3 Qxa3 25. Nb1 Qb4 26. Nc3 g6 27. Be2 Kg7
28. h4 h5 29. Rb1 Rd7 30. a5 bxa5 31. c5 Bc6 32. Rdc1 Qb8 33. Rc2 Re8 34. f4
Rb7 35. Rcb2 Rb4 36. Qd2 Ne4 37. Nxe4 dxe4 38. Kh2 Rd8 39. Bc4 Bd5 40. Qc3 Qb7
41. Bxd5 Qxd5 42. c6 Rc8 43. c7 Rb7 44. Rc1 Rbxc7 45. Qxc7 Rxc7 46. Rxc7 Qxd4
47. Rbc2 e3 48. R7c4 Qa1 49. Rc1 Qb2+ 50. Kg1 e2 0-1

[Event "IX Weekend A"]
[Site "Vignola ITA"]
[Date "2010.11.14"]
[Round "4"]
[White "De Biaggi, Paolo"]
[Black "Venturelli, Ester"]
[Result "1-0"]
[WhiteElo "1884"]
[BlackElo "1559"]
[PlyCount "95"]
[EventDate "2010.11.12"]

1. e4 e5 2. Nf3 Nc6 3. d4 exd4 4. Nxd4 Bc5 5. Nxc6 Qf6 6. Qd2 dxc6 7. Bd3 Be6
8. O-O Ne7 9. Kh1 O-O 10. f4 Nc8 11. e5 Qe7 12. f5 Bd7 13. Qc3 Bb6 14. f6 Qc5
15. Bxh7+ Kxh7 16. Qg3 gxf6 17. Qh4+ Kg8 18. exf6 Qxc2 19. Bh6 Re8 20. Nc3 Qh7
21. Qg5+ Qg6 22. Qxg6+ fxg6 23. f7+ Kh7 24. fxe8=Q Bxe8 25. Bf4 Nd6 26. Bxd6
cxd6 27. Rf8 Kg7 28. Raf1 d5 29. Na4 Bc7 30. Nc5 Bd6 31. Ne6+ Kh7 32. Nc7 Bxf8
33. Rxf8 Kg7 34. Rxe8 Rxe8 35. Nxe8+ Kf8 36. Nd6 b6 37. Nc8 Ke8 38. h4 Kd7 39.
Nxa7 d4 40. Kg1 c5 41. Kf2 Ke6 42. g4 Ke5 43. Kf3 Kd5 44. Nb5 Kc4 45. Na3+ Kd3
46. h5 Kd2 47. h6 d3 48. h7 1-0

[Event "IX Weekend A"]
[Site "Vignola ITA"]
[Date "2010.11.14"]
[Round "4"]
[White "Ferraguti, Francesco"]
[Black "Acciaioli, Fabio"]
[Result "0-1"]
[WhiteElo "1790"]
[BlackElo "1858"]
[PlyCount "98"]
[EventDate "2010.11.12"]

1. d4 d6 2. c4 e5 3. Nc3 exd4 4. Qxd4 Nc6 5. Qd1 g6 6. Nf3 Bg7 7. e4 Be6 8. Bd3
Nge7 9. Be3 O-O 10. Qd2 Nb4 11. Be2 c6 12. O-O d5 13. exd5 cxd5 14. a3 Nbc6 15.
Nxd5 Nxd5 16. cxd5 Qxd5 17. Qxd5 Bxd5 18. Rad1 Rfd8 19. Nd4 Nxd4 20. Bxd4 Bb3
21. Bxg7 Bxd1 22. Bxd1 Kxg7 23. Bf3 Rd7 24. g3 Rc8 25. Rb1 b6 26. Kf1 Rdc7 27.
Be4 Rc1+ 28. Rxc1 Rxc1+ 29. Ke2 Kf6 30. Kd2 Rc7 31. f4 a5 32. Bd3 Ke6 33. g4
Kd5 34. f5 Ke5 35. Ke3 Rc1 36. Kf3 Kd4 37. Ke2 Rh1 38. Kd2 Rxh2+ 39. Be2 gxf5
40. gxf5 h5 41. f6 a4 42. Kd1 Rxe2 43. Kxe2 Ke5 44. Kf3 Kxf6 45. Kf4 b5 46. Kg3
Ke5 47. Kf3 Kd4 48. Ke2 Kc4 49. Kd2 h4 0-1

[Event "IX Weekend A"]
[Site "Vignola ITA"]
[Date "2010.11.14"]
[Round "4"]
[White "Garofalo, Sergio"]
[Black "Castelli, Antonio"]
[Result "1/2-1/2"]
[WhiteElo "1805"]
[BlackElo "1703"]
[PlyCount "119"]
[EventDate "2010.11.12"]

1. d4 a6 2. Nf3 b5 3. e3 Bb7 4. b3 e6 5. Bb2 Nf6 6. Nbd2 Bb4 7. a3 Ba5 8. b4
Bb6 9. Bd3 d6 10. Qe2 Nbd7 11. O-O O-O 12. c4 bxc4 13. Nxc4 Bxf3 14. Qxf3 Nd5
15. e4 Ne7 16. e5 d5 17. Nxb6 cxb6 18. Rac1 b5 19. Qh3 Ng6 20. f4 f5 21. exf6
Rxf6 22. f5 exf5 23. Rxf5 Rxf5 24. Bxf5 Ndf8 25. Rf1 Kh8 26. Qg3 Qb8 27. Qf3
Qd6 28. g3 Nd7 29. Bxd7 Qxd7 30. Bc1 Kg8 31. Qf5 Qxf5 32. Rxf5 Rd8 33. Bg5 Rd7
34. h4 Nf8 35. Re5 Kf7 36. g4 h6 37. Rf5+ Ke8 38. Re5+ Kf7 39. Bd2 Ng6 40. Rf5+
Ke6 41. h5 Ne7 42. Rf8 Rc7 43. Ra8 Rc6 44. Kf2 Nc8 45. Ke3 Nd6 46. Ra7 Nc4+ 47.
Kd3 Kf6 48. Be1 g5 49. Rh7 Re6 50. Rxh6+ Kf7 51. Rxe6 Kxe6 52. Bd2 Kf6 53. Bc1
Nd6 54. Ke3 Ne4 55. Kf3 Nd6 56. h6 Nf7 57. h7 Kg7 58. Be3 Kxh7 59. Bf2 Kg6 60.
Bg3 1/2-1/2

[Event "IX Weekend A"]
[Site "Vignola ITA"]
[Date "2010.11.14"]
[Round "4"]
[White "Gilevych, Artem"]
[Black "Di Trapani, Davide"]
[Result "1-0"]
[WhiteElo "2231"]
[BlackElo "2000"]
[PlyCount "41"]
[EventDate "2010.11.12"]

1. Nf3 d5 2. d4 Nf6 3. c4 e6 4. Nc3 Be7 5. Bg5 Nbd7 6. e3 O-O 7. Bd3 b6 8. O-O
Bb7 9. cxd5 exd5 10. Qb3 Re8 11. Rad1 Nf8 12. Ne5 Ne6 13. Bh4 Nh5 14. Bxe7 Rxe7
15. Qa4 Nc5 16. dxc5 Rxe5 17. c6 Bc8 18. Qd4 Rg5 19. f4 Rg4 20. Be2 Rh4 21.
Qxd5 1-0